000 00851nas a2200313 4500
001 BR9802051
003 BR-BrBNA
005 20231205101008.0
007 ta
008 230509b bl.|||p| |||| 00| 00por d
040 _aBR-BrBNA
_bpor
_cBiblioteca Nacional de Agricultura
041 _a(Pt)
072 _aL70
100 1 _aDaleck, C.R.
100 1 _aFranceschini, P.H.
100 1 _aAlessi, A.C.
100 1 _aSantana, A.E.
100 1 _aMartins, M.L.M.
245 1 _aAspectos clinico e cirurgicos do tumor mamario canino
650 _aCao
650 _aVeterinaria
650 _aTumor
650 _aCirurgia
650 _aDiagnostico
650 _aBiopsia
773 0 _tCiencia Rural (Brazil)
_xISSN 0103-8478
_g(Jan-Mar 1998), v. 28(1) p. 95-100
_wBR9802051
909 _a202311
_bLúcia
_c55
_dLúcia Elande
942 _2AGRIS
_n0
_cANA
999 _c159216
_d159216